000 00368nam a22001571a 4500
020 _a9780425156223
082 _a158.1
_bSHA/A
100 _aShane Murphy
245 _aThe achievement zone/
_cby Shane Murphy
260 _aNew York:
_bBerkley,
_c1997.
300 _a262p.
650 _aAchievement
650 _aApplied Psychology
650 _aPsychology
942 _cBK
999 _c790
_d790